Movies Quiz

Random Movies or Biography Quiz

Movies by Ending Title Cards II Quiz Stats

 Plays Quiz Updated Aug 26, 2014

Support Sporcle.
Go Orange.
Score 0/24 Timer 10:00
2 Plays Today
% Correct
The Social Network
94.1%
12 Years a Slave
93%
The Fighter
92.5%
Walk the Line
92.1%
Hitchcock
92%
42
91.3%
Captain Phillips
90.8%
Remember the Titans
90%
Gorillas in the Mist
89.9%
Blood Diamond
89.4%
Dances with Wolves
89.3%
Seven Years in Tibet
88.4%
% Correct
Michael Collins
85.9%
Elizabeth: The Golden Age
84%
Erin Brockovich
83.3%
Monster
82%
The Killing Fields
81.7%
JFK
80.5%
Chaplin
79.6%
Frost|Nixon
78.8%
Dallas Buyers Club
78.8%
Glory
78.1%
The Other Boleyn Girl
75.8%
Milk
75.7%

You're not logged in!

Compare scores with friends on all Sporcle quizzes.
OR
Log In

From the Vault

Presidential Election Multiple Choice

by Hejman

This is sort of like filling out your ballot but without the write in option.
Remove Ads.
Support Sporcle.
Get the best of Sporcle when you Go Orange. This ad-free experience offers more features, more stats, and more fun while also helping to support Sporcle. Thank you for becoming a member.

Show Comments

Extras

Top Quizzes Today


Score Distribution

Your Account Isn't Verified!

In order to create a playlist on Sporcle, you need to verify the email address you used during registration. Go to your Sporcle Settings to finish the process.

Report this User

Report this user for behavior that violates our Community Guidelines.

Details: